[Event "Odintsovo Primakov Cup"]
[Site "Odintsovo"]
[Date "2024.03.17"]
[Round "4"]
[White "Usov, Aleksandr E"]
[Black "Veselov, Yaroslav"]
[Result "1-0"]
[WhiteElo "2270"]
[BlackElo "2222"]
[PlyCount "50"]
[EventDate "2024.03.15"]
[EventType "tourn"]
[EventRounds "9"]
[EventCountry "RUS"]
[EventCategory "1"]
[SourceTitle "CB13_2024"]
[SourceDate "2024.03.27"]
[SourceVersion "1"]
[SourceVersionDate "2024.03.27"]
[SourceQuality "1"]

1. d4 Nf6 2. Bf4 b6 3. Nd2 Bb7 4. e3 d6 5. h3 Nbd7 6. Ngf3 a6 7. Bh2 h6 8. Bd3 e5 9. dxe5 dxe5 10. Nxe5 Bxg2 11. Rg1 Bd5 12. Qe2 Bd6 13. f4 0-0 14. 0-0-0 Nc5 15. e4 Bb7 16. Bc4 Bxe5 17. fxe5 Ne8 18. Bf4 Qe7 19. a3 Kh7 20. Qh5 Ne6 21. Rdf1 Nxf4 22. Rxf4 g6 23. Qf3 Kg7 24. Qg3 g5 25. h4 Qxe5 1-0

[Event "Odintsovo Primakov Cup"]
[Site "Odintsovo"]
[Date "2024.03.15"]
[Round "2"]
[White "Parpiev, Isaak"]
[Black "Veselov, Yaroslav"]
[Result "1/2-1/2"]
[WhiteElo "2285"]
[BlackElo "2222"]
[PlyCount "88"]
[EventDate "2024.03.15"]
[EventType "tourn"]
[EventRounds "9"]
[EventCountry "RUS"]
[EventCategory "1"]
[SourceTitle "CB13_2024"]
[SourceDate "2024.03.27"]
[SourceVersion "1"]
[SourceVersionDate "2024.03.27"]
[SourceQuality "1"]

1. c4 Nf6 2. Nc3 c5 3. g3 g6 4. Bg2 h5 5. Nf3 d6 6. d4 cxd4 7. Nxd4 Nbd7 8. Bg5 Bg7 9. Qd2 0-0 10. 0-0 a6 11. Rac1 Rb8 12. h3 Nc5 13. Kh2 Ne6 14. Be3 Bd7 15. b3 Nxd4 16. Bxd4 Bc6 17. e4 Nd7 18. Bxg7 Kxg7 19. f4 h4 20. g4 Qa5 21. e5 Rbd8 22. exd6 exd6 23. Qd4+ Kg8 24. Rc2 Rfe8 25. Bxc6 bxc6 26. Ne4 Re6 27. f5 Qe5+ 28. Qxe5 Rxe5 29. Nxd6 Nc5 30. Rd2 Nb7 31. Rfd1 Rxd6 32. Rxd6 Nxd6 33. Rxd6 gxf5 34. gxf5 Re2+ 35. Kg1 Rxa2 36. Rxc6 a5 37. Rb6 a4 38. bxa4 Rxa4 39. Rc6 Ra3 40. Kg2 Rg3+ 41. Kh2 Rf3 42. Rh6 Rf4 43. f6 Rxc4 44. Kg2 Rf4 1/2-1/2

[Event "RUS-chT2"]
[Site "Sochi"]
[Date "2023.05.09"]
[Round "8.3"]
[White "Veselov, Yaroslav"]
[Black "Zabotin, Alexander"]
[Result "0-1"]
[WhiteElo "2179"]
[BlackElo "2477"]
[PlyCount "96"]
[EventDate "2023.05.01"]
[EventType "team-swiss"]
[EventRounds "9"]
[EventCountry "RUS"]
[SourceTitle "CBM 214 Extra"]
[Source "ChessBase"]
[SourceDate "2023.07.31"]
[SourceVersion "1"]
[SourceVersionDate "2023.07.31"]
[SourceQuality "1"]
[WhiteTeam "ANOO Primak Gymnasium"]
[BlackTeam "Vladimir Region"]
[WhiteTeamCountry "RUS"]
[BlackTeamCountry "RUS"]

1. d4 Nf6 2. c4 e6 3. Nf3 c5 4. e3 cxd4 5. exd4 d5 6. Nc3 Bb4 7. cxd5 Nxd5 8. Bd2 0-0 9. Bd3 Nc6 10. 0-0 Nf6 11. Bg5 Be7 12. a3 h6 13. Bh4 Nh5 14. Bxe7 Nxe7 15. Ne5 Nf6 16. Bc2 b6 17. Ng4 Nxg4 18. Qxg4 Bb7 19. Rad1 Rc8 20. Rfe1 Nd5 21. Qe4 g6 22. Qg4 Nxc3 23. bxc3 Rxc3 24. Bxg6 Qg5 25. Qxg5 hxg5 26. Be4 Bxe4 27. Rxe4 Rd8 28. Rg4 Kf8 29. Kf1 Rd5 30. Ra1 Rd3 31. h4 gxh4 32. Rc1 R3xd4 33. Rc8+ Ke7 34. Rxd4 Rxd4 35. Rc7+ Rd7 36. Rc4 e5 37. Ke2 Ke6 38. Rxh4 Rd4 39. Rh3 b5 40. Rc3 Rc4 41. Rb3 a6 42. Ke3 f5 43. g3 Kd5 44. Kd2 e4 45. Kd1 Kd4 46. Kd2 Ra4 47. Kc2 b4 48. Kb2 a5 0-1

[Event "RUS-chT2"]
[Site "Sochi"]
[Date "2023.05.08"]
[Round "7.1"]
[White "Veselov, Yaroslav"]
[Black "Yeletsky, Ivan"]
[Result "0-1"]
[WhiteElo "2179"]
[BlackElo "2494"]
[PlyCount "108"]
[EventDate "2023.05.01"]
[EventType "team-swiss"]
[EventRounds "9"]
[EventCountry "RUS"]
[SourceTitle "CBM 214 Extra"]
[Source "ChessBase"]
[SourceDate "2023.07.31"]
[SourceVersion "1"]
[SourceVersionDate "2023.07.31"]
[SourceQuality "1"]
[WhiteTeam "ANOO Primak Gymnasium"]
[BlackTeam "Moscow Temus Tim"]
[WhiteTeamCountry "RUS"]
[BlackTeamCountry "RUS"]

1. d4 Nf6 2. c4 e6 3. Nf3 d5 4. g3 Bb4+ 5. Bd2 Be7 6. Bg2 0-0 7. 0-0 Nbd7 8. Bf4 a5 9. b3 Ne4 10. Nfd2 f5 11. Nxe4 dxe4 12. Nc3 g5 13. Be3 c6 14. Qd2 e5 15. f4 exf4 16. gxf4 g4 17. d5 Rf6 18. dxc6 bxc6 19. Nd5 Rh6 20. Nxe7+ Qxe7 21. Bf2 Rd6 22. Qe3 c5 23. Rfd1 a4 24. Be1 Bb7 25. Bc3 axb3 26. axb3 Rxd1+ 27. Rxd1 Ra2 28. Ba1 Rc2 29. h3 h5 30. hxg4 hxg4 31. Kf2 Qh4+ 32. Kf1 Qe7 33. Qg3 Bc6 34. Qe1 Nf8 35. Qa5 Ne6 36. Be5 Qh4 37. Qe1 Qh2 38. Qa5 Qh4 39. Qe1 Qxe1+ 40. Kxe1 Kf7 41. Rd6 Rc1+ 42. Rd1 Rc2 43. Rd6 Be8 44. Bf1 Rc1+ 45. Rd1 Rxd1+ 46. Kxd1 Nd4 47. Bd6 Nxb3 48. Ke1 Ke6 49. Bf8 Kd7 50. e3 Bf7 51. Kd1 Kc6 52. Kc2 Na5 53. Kc3 Bxc4 54. Bg2 Bd3 0-1

[Event "Cheliabinsk Lozovatsky Memorial-A"]
[Site "Cheliabinsk"]
[Date "2023.02.04"]
[Round "9"]
[White "Palachev, Petr"]
[Black "Veselov, Yaroslav"]
[Result "0-1"]
[WhiteElo "2340"]
[BlackElo "2154"]
[PlyCount "118"]
[EventDate "2023.01.27"]
[EventType "swiss"]
[EventRounds "10"]
[EventCountry "RUS"]
[SourceTitle "CBM 212 Extra"]
[Source "ChessBase"]
[SourceDate "2023.03.31"]
[SourceVersion "1"]
[SourceVersionDate "2023.03.31"]
[SourceQuality "1"]

1. d4 Nf6 2. c4 e6 3. Nf3 b6 4. g3 Ba6 5. Qc2 Bb7 6. Bg2 c5 7. d5 exd5 8. cxd5 Nxd5 9. 0-0 Be7 10. Rd1 Nc6 11. Qf5 Nf6 12. e4 g6 13. Qf4 Nh5 14. Qg4 Nf6 15. Qf4 Nh5 16. Qe3 0-0 17. g4 Ng7 18. Nc3 Ne6 19. Nd5 Ncd4 20. Nxd4 Nxd4 21. Rxd4 cxd4 22. Nxe7+ Qxe7 23. Qxd4 Rfe8 24. Bh6 Qe5 25. Qxd7 Bxe4 26. Re1 Rad8 27. Qxa7 Qd5 28. Bf1 Bd3 29. Be3 Bxf1 30. Rxf1 Qf3 31. Qc7 Qxg4+ 32. Qg3 Qa4 33. Ra1 Rd1+ 34. Rxd1 Qxd1+ 35. Kg2 Qd5+ 36. Qf3 Qxa2 37. Qc6 Qe6 38. Qxb6 Qg4+ 39. Kf1 Ra8 40. Ke1 Ra1+ 41. Kd2 Qd1+ 42. Kc3 Ra8 43. Bd4 Rc8+ 44. Kb4 Qe1+ 45. Bc3 Qe4+ 46. Kb3 Qc4+ 47. Kc2 Qe2+ 48. Kc1 Ra8 49. b4 Qc4 50. Qf6 Ra1+ 51. Kd2 Ra2+ 52. Ke3 Qe2+ 53. Kd4 Kf8 54. b5 Qxb5 55. Qd8+ Kg7 56. Ke4+ Kh6 57. Qh4+ Qh5 58. Qf4+ g5 59. Qf6+ Qg6+ 0-1

[Event "Cheliabinsk Lozovatsky Memorial-A"]
[Site "Cheliabinsk"]
[Date "2023.01.30"]
[Round "4"]
[White "Veselov, Yaroslav"]
[Black "Makov, Artem"]
[Result "1-0"]
[WhiteElo "2154"]
[BlackElo "2018"]
[PlyCount "95"]
[EventDate "2023.01.27"]
[EventType "swiss"]
[EventRounds "10"]
[EventCountry "RUS"]
[SourceTitle "CBM 212 Extra"]
[Source "ChessBase"]
[SourceDate "2023.03.31"]
[SourceVersion "1"]
[SourceVersionDate "2023.03.31"]
[SourceQuality "1"]

1. e4 c5 2. Nf3 d6 3. d4 cxd4 4. Nxd4 Nf6 5. f3 e5 6. Nb3 h5 7. c4 Be6 8. Nc3 Nbd7 9. Be3 Be7 10. Be2 0-0 11. 0-0 a5 12. Nd2 Ne8 13. Ndb1 g6 14. Nd5 Bxd5 15. cxd5 Bg5 16. Bf2 f5 17. exf5 gxf5 18. Nc3 Ndf6 19. Bd3 Ng7 20. Qc2 Qd7 21. Na4 Rae8 22. Nb6 Qf7 23. Bxf5 Nxf5 24. Qxf5 Qg7 25. Qd3 h4 26. Nc4 Rd8 27. f4 exf4 28. Rae1 Qh7 29. Qh3 Nxd5 30. Rd1 Rf5 31. Qf3 Qf7 32. Rd3 b5 33. Rfd1 Ne3 34. Nxd6 Rxd6 35. Rxd6 Nxd1 36. Rxd1 Qxa2 37. Qg4 Qf7 38. Bxh4 Qf6 39. Bxg5 Qxg5 40. Rd8+ Kf7 41. Qd1 Re5 42. Qb3+ Ke7 43. Qd3 Re1+ 44. Kf2 Qe5 45. Qd7+ Kf6 46. Rf8+ Kg5 47. Rg8+ Kh6 48. Qh3+ 1-0

[Event "EU-ch U14 30th"]
[Site "Antalya"]
[Date "2022.11.14"]
[Round "9"]
[White "Durak, Can"]
[Black "Veselov, Yaroslav"]
[Result "1-0"]
[WhiteElo "2266"]
[BlackElo "2196"]
[PlyCount "87"]
[EventDate "2022.11.06"]
[EventType "swiss"]
[EventRounds "9"]
[EventCountry "TUR"]
[SourceTitle "CBM 211 Extra"]
[Source "ChessBase"]
[SourceDate "2023.01.31"]
[SourceVersion "1"]
[SourceVersionDate "2023.01.31"]
[SourceQuality "1"]

1. d4 Nf6 2. c4 Nc6 3. Nf3 e6 4. a3 d6 5. Nc3 g6 6. g3 Bg7 7. Bg2 0-0 8. 0-0 a6 9. b4 e5 10. d5 Nd4 11. Ne1 Re8 12. Bb2 Nf5 13. Ne4 Nxe4 14. Bxe4 Nh6 15. c5 f5 16. Bg2 Nf7 17. Qb3 e4 18. Bxg7 Kxg7 19. Nc2 Qf6 20. Rad1 b6 21. cxb6 cxb6 22. Qe3 b5 23. f4 Bb7 24. Nd4 Rec8 25. Ne6+ Kg8 26. Rc1 Rab8 27. Qd2 Nd8 28. Nd4 Rxc1 29. Rxc1 Bxd5 30. Nxb5 Rxb5 31. a4 Rb8 32. Qxd5+ Qe6 33. Qd4 d5 34. Rc7 Nf7 35. e3 Rc8 36. Rxc8+ Qxc8 37. Bf1 Qb7 38. Qc5 Nd8 39. Be2 Kf7 40. Qd6 Ne6 41. Bxa6 Qa7 42. Kf2 d4 43. Bc4 Qe7 44. Qxd4 1-0

[Event "EU-ch U14 30th"]
[Site "Antalya"]
[Date "2022.11.12"]
[Round "7"]
[White "Venkatesan, Kavin"]
[Black "Veselov, Yaroslav"]
[Result "0-1"]
[WhiteElo "2085"]
[BlackElo "2196"]
[PlyCount "138"]
[EventDate "2022.11.06"]
[EventType "swiss"]
[EventRounds "9"]
[EventCountry "TUR"]
[SourceTitle "EXT 2024"]
[Source "ChessBase"]
[SourceDate "2023.10.10"]
[SourceVersion "1"]
[SourceVersionDate "2023.10.10"]
[SourceQuality "1"]

1. c4 e5 2. g3 c6 3. d4 e4 4. d5 Bb4+ 5. Bd2 Qe7 6. Nc3 Nf6 7. Nh3 cxd5 8. Nf4 Bxc3 9. Bxc3 dxc4 10. Bg2 Nc6 11. Nd5 Nxd5 12. Qxd5 d6 13. Qxe4 Qxe4 14. Bxe4 f6 15. Bd5 Ke7 16. Bxc4 Be6 17. Bd3 a5 18. a3 d5 19. e3 Bg4 20. f4 Bf3 21. 0-0 Be4 22. Rad1 Rhd8 23. Rf2 g6 24. Bb5 f5 25. Rfd2 Ke6 26. h4 Na7 27. Be2 Nc6 28. Bb5 Na7 29. Be2 Nc8 30. Rd4 Nb6 31. b4 Rdc8 32. Be1 a4 33. b5 Rc2 34. Kf1 Nd7 35. Bd3 Bxd3+ 36. R4xd3 Nf6 37. Rc3 Rxc3 38. Bxc3 Ne4 39. Be1 Rc8 40. Rd4 Rc4 41. Rxc4 dxc4 42. Ke2 Kd5 43. Kd1 Kc5 44. Kc2 Kxb5 45. Kb2 Kc5 46. Kc2 Kd5 47. Kb2 b6 48. Kc2 b5 49. Kb2 Ke6 50. Kc2 Kf7 51. Kc1 Kg7 52. Kd1 Kh6 53. Ke2 Kg7 54. Kd1 Kf7 55. Kc2 Ke6 56. Kb2 Kd5 57. Kc2 Nc5 58. Kc3 Nd3 59. Bd2 Ke4 60. Kc2 Nc5 61. Kc3 Na6 62. Bc1 Nc7 63. Kb4 Kd3 64. Bb2 c3 65. Ba1 Nd5+ 66. Kxb5 Nxe3 67. Kxa4 Nc2 68. Bxc3 Kxc3 69. Kb5 Nxa3+ 0-1

[Event "EU-ch U14 30th"]
[Site "Antalya"]
[Date "2022.11.11"]
[Round "6"]
[White "Veselov, Yaroslav"]
[Black "Perossa, Nicolas"]
[Result "1/2-1/2"]
[WhiteElo "2196"]
[BlackElo "2195"]
[PlyCount "161"]
[EventDate "2022.11.06"]
[EventType "swiss"]
[EventRounds "9"]
[EventCountry "TUR"]
[SourceTitle "CBM 211 Extra"]
[Source "ChessBase"]
[SourceDate "2023.01.31"]
[SourceVersion "1"]
[SourceVersionDate "2023.01.31"]
[SourceQuality "1"]

1. d4 Nf6 2. c4 g6 3. Nc3 Bg7 4. e4 d6 5. Nf3 0-0 6. Be2 e5 7. 0-0 exd4 8. Nxd4 Re8 9. f3 c6 10. Kh1 Nbd7 11. Be3 d5 12. cxd5 cxd5 13. Ndb5 Nb6 14. e5 Rxe5 15. Bf4 Re7 16. Qd2 Be6 17. Rad1 Rd7 18. Nd4 a6 19. Rfe1 Nh5 20. Bg5 Bf6 21. Be3 Ng7 22. Nxe6 fxe6 23. Bd4 Nf5 24. Bxf6 Qxf6 25. f4 Rf8 26. Bd3 Nd6 27. g3 Rc7 28. Qe2 Re8 29. h4 Nbc4 30. b3 Nb6 31. Nb1 Nd7 32. Qg2 Nc5 33. Bc2 Nce4 34. Bxe4 Nxe4 35. Nd2 Nd6 36. Nf3 Rc3 37. Rc1 Ne4 38. Rxc3 Qxc3 39. Kh2 Kg7 40. Re2 Qf6 41. Rc2 Re7 42. Qg1 Nd6 43. Qb6 Ne4 44. Ne5 g5 45. hxg5 Nxg5 46. Rc8 Nf7 47. Ng4 Qb2+ 48. Kh3 h5 49. Nh2 Qf6 50. Qc5 e5 51. fxe5 Rxe5 52. Qf8+ Kg6 53. Qg8+ Kh6 54. Qf8+ Qg7 55. Qxg7+ Kxg7 56. Rc7 b5 57. Nf3 Re2 58. Ng5 Rf2 59. g4 hxg4+ 60. Kg3 Rf5 61. Nxf7 Rxf7 62. Rc6 Rd7 63. Kxg4 d4 64. Rc2 Kf6 65. Kf4 d3 66. Rd2 Ke6 67. Ke4 a5 68. a4 b4 69. Rxd3 Rh7 70. Rg3 Rh4+ 71. Kd3 Kf5 72. Rf3+ Ke5 73. Re3+ Kd5 74. Rg3 Rd4+ 75. Ke3 Re4+ 76. Kd3 Rd4+ 77. Kc2 Kc6 78. Rg6+ Rd6 79. Rg5 Kb6 80. Rb5+ Ka6 81. Re5 1/2-1/2

[Event "Cheliabinsk Panchenko Memorial op-A"]
[Site "Cheliabinsk"]
[Date "2022.09.20"]
[Round "9"]
[White "Veselov, Yaroslav"]
[Black "Bublei, Pavel"]
[Result "0-1"]
[WhiteElo "2114"]
[BlackElo "2321"]
[PlyCount "68"]
[EventDate "2022.09.12"]
[EventType "swiss"]
[EventRounds "10"]
[EventCountry "RUS"]
[SourceTitle "CBM 210 Extra"]
[Source "ChessBase"]
[SourceDate "2022.11.30"]
[SourceVersion "1"]
[SourceVersionDate "2022.11.30"]
[SourceQuality "1"]

1. e4 c6 2. d4 d5 3. e5 c5 4. dxc5 Nc6 5. f4 e6 6. Be3 Nh6 7. Nf3 Nf5 8. Bg1 h5 9. c3 f6 10. Bb5 Bd7 11. Bxc6 bxc6 12. Bd4 a5 13. b4 Be7 14. 0-0 0-0 15. Bf2 Qe8 16. Nbd2 Qg6 17. Nb3 axb4 18. cxb4 Ra3 19. Nh4 Nxh4 20. Bxh4 Rfa8 21. exf6 Rxa2 22. Rxa2 Rxa2 23. f7+ Kxf7 24. Rf2 Rxf2 25. Bxf2 h4 26. h3 Kg8 27. Kh2 Qe4 28. Qd4 Qf5 29. Qe3 g5 30. g3 hxg3+ 31. Bxg3 e5 32. fxe5 Qxh3+ 33. Kg1 Bf5 34. Nd2 Qg4 0-1

[Event "Cheliabinsk Panchenko Memorial op-A"]
[Site "Cheliabinsk"]
[Date "2022.09.12"]
[Round "1"]
[White "Veselov, Yaroslav"]
[Black "Badelka, Olga"]
[Result "1/2-1/2"]
[WhiteElo "2114"]
[BlackElo "2431"]
[PlyCount "87"]
[EventDate "2022.09.12"]
[EventType "swiss"]
[EventRounds "10"]
[EventCountry "RUS"]
[SourceTitle "CBM 210 Extra"]
[Source "ChessBase"]
[SourceDate "2022.11.30"]
[SourceVersion "1"]
[SourceVersionDate "2022.11.30"]
[SourceQuality "1"]

1. d4 Nf6 2. c4 e6 3. Nf3 d5 4. Qc2 Nbd7 5. cxd5 exd5 6. Bf4 c6 7. Nc3 Be7 8. h3 Nf8 9. e3 Ng6 10. Bh2 Bd6 11. Bxd6 Qxd6 12. Bd3 0-0 13. 0-0-0 b5 14. Kb1 Re8 15. Rc1 a5 16. g4 Ba6 17. g5 Nd7 18. h4 Ngf8 19. h5 a4 20. g6 fxg6 21. hxg6 h6 22. Ne2 b4 23. Nf4 Bxd3 24. Qxd3 Re4 25. Nh4 a3 26. b3 Ne6 27. Nh5 Rf8 28. f3 Ne5 29. dxe5 Qxe5 30. Qd2 Rxe3 31. f4 Nxf4 32. Nxf4 Qxf4 33. Rc2 Qe4 34. Rhc1 Rc3 35. Ng2 Qxg6 36. Ne1 Rf1 37. Qe2 Qf5 38. Qe8+ Kh7 39. Qe2 c5 40. Rd1 c4 41. bxc4 dxc4 42. Kc1 Rxc2+ 43. Nxc2 Rxd1+ 44. Qxd1 1/2-1/2

[Event "Belgrade Gligoric Memorial"]
[Site "Belgrade"]
[Date "2022.07.19"]
[Round "4"]
[White "Srihari, LR."]
[Black "Veselov, Yaroslav"]
[Result "1-0"]
[WhiteElo "2431"]
[BlackElo "2206"]
[PlyCount "121"]
[EventDate "2022.07.17"]
[EventType "swiss"]
[EventRounds "9"]
[EventCountry "SRB"]
[SourceTitle "CBM 209 Extra"]
[Source "ChessBase"]
[SourceDate "2022.09.30"]
[SourceVersion "1"]
[SourceVersionDate "2022.09.30"]
[SourceQuality "1"]

1. Nf3 Nf6 2. c4 b6 3. g3 c5 4. Bg2 Bb7 5. 0-0 g6 6. b3 Bg7 7. Bb2 0-0 8. Nc3 Ne4 9. Qc2 Nxc3 10. Bxc3 Bxc3 11. Qxc3 d6 12. d4 cxd4 13. Nxd4 Bxg2 14. Kxg2 Qc7 15. Qf3 Nd7 16. Nb5 Qd8 17. Rfd1 a6 18. Nc3 Nf6 19. Rac1 Rc8 20. Qb7 a5 21. Qf3 Qc7 22. e4 Qb7 23. Rxd6 exd6 24. Qxf6 Rce8 25. Qxd6 Re6 26. Qd5 Qe7 27. Rd1 Re8 28. f3 Qf6 29. Qd3 Qe5 30. Nd5 f5 31. Qd4 Qxd4 32. Rxd4 fxe4 33. fxe4 Kf7 34. Kf3 Rc6 35. a4 Rd6 36. Ke3 g5 37. Rd2 Rde6 38. Nc3 Rf6 39. Rd7+ Kg6 40. Nd5 Rfe6 41. Nc3 Rf8 42. Nd5 Rfe8 43. Nc3 Rf8 44. Rb7 Rfe8 45. Kd4 h5 46. h4 g4 47. Rd7 Kh6 48. Rf7 Kg6 49. Rf5 R6e7 50. Rb5 Re6 51. Rg5+ Kh6 52. e5 Rf8 53. Nd5 Rg6 54. Nf4 Rxg5 55. hxg5+ Kh7 56. Ke4 h4 57. gxh4 g3 58. e6 Rxf4+ 59. Kxf4 g2 60. e7 g1Q 61. e8Q 1-0

[Event "Paracin op-A 15th"]
[Site "Paracin"]
[Date "2022.07.09"]
[Round "2"]
[White "Veselov, Yaroslav"]
[Black "Ignat, Matei Marius"]
[Result "1-0"]
[WhiteElo "2206"]
[BlackElo "2055"]
[PlyCount "64"]
[EventDate "2022.07.08"]
[EventType "swiss"]
[EventRounds "9"]
[EventCountry "SRB"]
[SourceTitle "EXT 2023"]
[Source "ChessBase"]
[SourceDate "2022.10.05"]
[SourceVersion "1"]
[SourceVersionDate "2022.10.05"]
[SourceQuality "1"]

1. d4 d5 2. c4 c6 3. cxd5 cxd5 4. Bf4 Nc6 5. e3 Nf6 6. Bb5 Bd7 7. Nc3 a6 8. Bd3 Bg4 9. Nge2 e6 10. 0-0 Bd6 11. Bxd6 Qxd6 12. Rc1 0-0 13. Na4 e5 14. dxe5 Nxe5 15. f3 Bd7 16. Nc5 Rac8 17. Nxd7 Qxd7 18. Rxc8 Rxc8 19. Nd4 g6 20. Qe2 Nxd3 21. Qxd3 Qe7 22. Rd1 Qe5 23. b3 Qc7 24. Qd2 Re8 25. Re1 h5 26. Qf2 Rc8 27. Qg3 Qxg3 28. hxg3 Kf8 29. Rd1 Ke7 30. Kf2 Nd7 31. Rd2 Kd6 32. Ne2 Nf6 1-0

[Event "Novi Sad Serbia op-A"]
[Site "Novi Sad"]
[Date "2022.07.03"]
[Round "6"]
[White "Pasztor, Balazs"]
[Black "Veselov, Yaroslav"]
[Result "1/2-1/2"]
[WhiteElo "2336"]
[BlackElo "2206"]
[PlyCount "68"]
[EventDate "2022.06.28"]
[EventType "swiss"]
[EventRounds "9"]
[EventCountry "SRB"]
[SourceTitle "EXT 2023"]
[Source "ChessBase"]
[SourceDate "2022.10.05"]
[SourceVersion "1"]
[SourceVersionDate "2022.10.05"]
[SourceQuality "1"]

1. e4 c5 2. Nf3 e6 3. d4 cxd4 4. Nxd4 Nf6 5. Nc3 Nc6 6. Nxc6 bxc6 7. e5 Nd5 8. Ne4 Qc7 9. f4 Qb6 10. c4 Bb4+ 11. Ke2 f5 12. exf6 Nxf6 13. Be3 Qd8 14. Nd6+ Bxd6 15. Qxd6 Bb7 16. Rd1 Rc8 17. Rg1 c5 18. g4 Qc7 19. Qxc7 Rxc7 20. g5 Ne4 21. Bg2 h6 22. gxh6 Rxh6 23. Bxe4 Bxe4 24. Rxg7 Rxh2+ 25. Bf2 Rh7 26. Rxh7 Bxh7 27. Rd6 Ke7 28. Ra6 d6 29. Kd2 Be4 30. a3 Bg2 31. Kc3 Bf1 32. Ra5 Kd8 33. Ra6 Kd7 34. Bg3 Bh3 1/2-1/2

[Event "EU-ch Hybrid U14"]
[Site "Tornelo INT"]
[Date "2021.10.15"]
[Round "6"]
[White "Taspinar, Yanki"]
[Black "Veselov, Yaroslav"]
[Result "1/2-1/2"]
[WhiteElo "2147"]
[BlackElo "1922"]
[PlyCount "138"]
[EventDate "2021.10.15"]
[EventType "swiss"]
[EventRounds "9"]
[EventCountry "NET"]
[SourceTitle "EXT 2023"]
[Source "ChessBase"]
[SourceDate "2022.10.05"]
[SourceVersion "1"]
[SourceVersionDate "2022.10.05"]
[SourceQuality "1"]
[WhiteTeam "Turkey"]
[BlackTeam "Russia"]
[WhiteTeamCountry "TUR"]
[BlackTeamCountry "RUS"]

1. e4 c5 2. Nf3 d6 3. d4 cxd4 4. Nxd4 Nf6 5. Nc3 a6 6. f3 e5 7. Nb3 Be6 8. Be3 h5 9. Qd2 Nbd7 10. Nd5 Nxd5 11. exd5 Bf5 12. Bd3 Bxd3 13. Qxd3 Be7 14. 0-0 Bg5 15. Bxg5 Qxg5 16. c4 0-0 17. Rac1 b6 18. Qd2 Qg6 19. f4 exf4 20. Qxf4 Ne5 21. Rc3 Rac8 22. Nd4 Qg4 23. Qxg4 hxg4 24. Rfc1 Rc7 25. Ra3 Rfc8 26. Rxa6 Rxc4 27. Rd1 R4c5 28. Nf5 Rc1 29. Rxc1 Rxc1+ 30. Kf2 Rc2+ 31. Kg3 Rxb2 32. Nxd6 Rd2 33. Rxb6 Rxd5 34. a4 Nd7 35. Ra6 Nb8 36. Ra8 Rxd6 37. Rxb8+ Kh7 38. Rb3 Ra6 39. Ra3 f5 40. Kf4 Kg6 41. Ke5 Kg5 42. g3 Ra5+ 43. Kd6 f4 44. gxf4+ Kxf4 45. Kc6 g6 46. Kb6 Rh5 47. Ra2 g3 48. hxg3+ Kxg3 49. a5 g5 50. a6 g4 51. a7 Rh8 52. a8Q Rxa8 53. Rxa8 Kf3 54. Rf8+ Ke3 55. Rg8 Kf3 56. Rf8+ Ke3 57. Rg8 Kf3 58. Kc5 g3 59. Rf8+ Ke3 60. Rg8 Kf2 61. Rf8+ Ke3 62. Re8+ Kf2 63. Kd4 g2 64. Rf8+ Ke2 65. Re8+ Kf2 66. Rf8+ Ke2 67. Rg8 Kf2 68. Ke4 g1Q 69. Rxg1 Kxg1 1/2-1/2

[Event "EU-ch Hybrid U14"]
[Site "Tornelo INT"]
[Date "2021.10.15"]
[Round "7"]
[White "Vergara Anton, Diego"]
[Black "Veselov, Yaroslav"]
[Result "1/2-1/2"]
[WhiteElo "2258"]
[BlackElo "1922"]
[PlyCount "37"]
[EventDate "2021.10.15"]
[EventType "swiss"]
[EventRounds "9"]
[EventCountry "NET"]
[SourceTitle "EXT 2023"]
[Source "ChessBase"]
[SourceDate "2022.10.05"]
[SourceVersion "1"]
[SourceVersionDate "2022.10.05"]
[SourceQuality "1"]
[WhiteTeam "Spain"]
[BlackTeam "Russia"]
[WhiteTeamCountry "ESP"]
[BlackTeamCountry "RUS"]

1. d4 Nf6 2. Nf3 e6 3. g3 b5 4. e3 a6 5. a4 b4 6. c4 Bb7 7. Bg2 Be7 8. 0-0 0-0 9. Nbd2 d6 10. b3 c5 11. Bb2 Qc7 12. Qe2 Nbd7 13. Ne1 Bxg2 14. Kxg2 a5 15. Rc1 Qb7+ 16. Qf3 Qxf3+ 17. Ndxf3 Ne4 18. Rd1 Rad8 19. Nd2 1/2-1/2

[Event "EU-ch Hybrid U14"]
[Site "Tornelo INT"]
[Date "2021.10.15"]
[Round "3"]
[White "Veselov, Yaroslav"]
[Black "Olenik Campa, Rudi"]
[Result "1-0"]
[WhiteElo "1922"]
[BlackElo "2245"]
[PlyCount "81"]
[EventDate "2021.10.15"]
[EventType "swiss"]
[EventRounds "9"]
[EventCountry "NET"]
[SourceTitle "EXT 2023"]
[Source "ChessBase"]
[SourceDate "2022.10.05"]
[SourceVersion "1"]
[SourceVersionDate "2022.10.05"]
[SourceQuality "1"]
[WhiteTeam "Russia"]
[BlackTeam "Slovenia"]
[WhiteTeamCountry "RUS"]
[BlackTeamCountry "SLO"]

1. d4 Nf6 2. c4 g6 3. Nc3 Bg7 4. e4 d6 5. Be2 0-0 6. Nf3 e5 7. 0-0 Bg4 8. d5 a5 9. Be3 Na6 10. h3 Bd7 11. Nd2 Ne8 12. a3 f5 13. exf5 gxf5 14. f4 e4 15. a4 Nc5 16. Nb3 Nxb3 17. Qxb3 b6 18. Qc2 Nf6 19. Rad1 Kh8 20. Kh2 Rg8 21. g3 Qe7 22. Rg1 Bh6 23. Rdf1 Rg6 24. Bd4 Bg7 25. Qd2 Rh6 26. b3 Rg8 27. Nd1 Rg6 28. Ne3 h6 29. Ng2 h5 30. Qd1 Rh6 31. Ne3 Qf7 32. Kg2 Kh7 33. Kf2 Bh8 34. Ke1 Rhg6 35. Bxh5 Qg7 36. Bxg6+ Qxg6 37. Kf2 Qg7 38. Bxf6 Qxf6 39. Qh5+ Qh6 40. Qxh6+ Kxh6 41. g4 1-0

[Event "EU-ch Hybrid U14"]
[Site "Tornelo INT"]
[Date "2021.10.15"]
[Round "5"]
[White "Veselov, Yaroslav"]
[Black "Vagman, Roy"]
[Result "1-0"]
[WhiteElo "1922"]
[BlackElo "2070"]
[PlyCount "149"]
[EventDate "2021.10.15"]
[EventType "swiss"]
[EventRounds "9"]
[EventCountry "NET"]
[SourceTitle "EXT 2023"]
[Source "ChessBase"]
[SourceDate "2022.10.05"]
[SourceVersion "1"]
[SourceVersionDate "2022.10.05"]
[SourceQuality "1"]
[WhiteTeam "Russia"]
[BlackTeam "Israel"]
[WhiteTeamCountry "RUS"]
[BlackTeamCountry "ISR"]

1. d4 Nf6 2. c4 c5 3. d5 g6 4. Nc3 Bg7 5. e4 d6 6. h3 0-0 7. Nf3 e6 8. Bd3 exd5 9. exd5 Re8+ 10. Be3 Rxe3+ 11. fxe3 Qe7 12. 0-0 Nbd7 13. Qd2 Nh5 14. Ne2 Bh6 15. Nf4 Ng3 16. Rfe1 Nf6 17. Kh2 Nfe4 18. Bxe4 Nxe4 19. Qe2 f5 20. Nd2 Bd7 21. Nxe4 Qxe4 22. Rad1 Re8 23. Qd3 Kf7 24. Qxe4 Rxe4 25. b3 b5 26. Rc1 Kf6 27. Kg3 g5 28. Nd3 Kg6 29. Kf3 a6 30. Nf2 Re5 31. g4 Bg7 32. gxf5+ Rxf5+ 33. Kg2 Re5 34. e4 Re8 35. Nd3 Rd8 36. Rcd1 bxc4 37. bxc4 Ba4 38. Rc1 Rb8 39. e5 Bd7 40. exd6 Bf5 41. Ne5+ Kh5 42. Re2 Kh4 43. Nf3+ Kh5 44. Re7 Bf8 45. Rf7 Bg6 46. Rf6 Bg7 47. Re6 Bf5 48. Re2 Bh6 49. Rd1 Rd8 50. Ne5 Rxd6 51. Rf1 Rf6 52. Ng4 Rf8 53. Re5 Bxg4 54. hxg4+ Kxg4 55. Re6 Bg7 56. Rxf8 Bxf8 57. d6 Kf5 58. d7 Kxe6 59. d8Q Kf7 60. Qxg5 h6 61. Qf5+ Kg7 62. Kf3 Be7 63. Qd7 Kf6 64. Qc6+ Kg5 65. Qxa6 h5 66. Qe6 Bf6 67. a4 h4 68. a5 h3 69. Qxh3 Bc3 70. a6 Be5 71. a7 Bd6 72. a8Q Be7 73. Qg8+ Kf6 74. Qh6+ Kf5 75. Qf4# 1-0